000 00458nam a2200169Ia 4500
008 090201s9999 xx 000 0 und d
010 _aKPL-1989
040 _bमराठी
041 _aमराठी
082 _a53029
_b1989
100 _aवा शि आपटे
245 _aरूखरूख
_cवा शि आपटे
260 _c2007
_bअ.ब.क.
300 _a125
_bमोठा
600 _aरूखरूख
942 _cBOOK
999 _c249459
_d249459